Most Visited Countries by Italians - Statistics

General Stats
  • This quiz has been taken 1,021 times
  • The average score is 5 of 5
Answer Stats
No.tourists Destination % Correct
5,280,533 France
98%
2,312,462 Spain
98%
2,145,643 Germany
94%
1,423,026 United Kingdom
93%
1,706,266 Switzerland
81%
No matching quizzes found
Score Distribution
Percent of People with Each Score
Percentile by Number Answered
Your Score History
You have not taken this quiz